| 000 | 00745nam a2200229 a 4500 | ||
|---|---|---|---|
| 005 | 20210223132357.0 | ||
| 008 | 140612s2005 mx r 000 0 spa d | ||
| 020 | _a8498010632 | ||
| 035 | _aUPN01000197807 | ||
| 049 | _aCG | ||
| 050 | 4 |
_aQL31 F6.7 _bN3.2 |
|
| 100 | 1 |
_aDe la Bédoyère, Camilla _935598 |
|
| 245 | 1 | 0 |
_aNadie ha amado más a los gorilas : _bla vida de Dian Fossey / _cCamilla de la Bédoyère ; tr. Rosa Cano Camarasa. |
| 260 |
_aBarcelona, Esp. : _bBlume, _c2005. |
||
| 300 |
_a191 p. : _bil. col. |
||
| 534 |
_pTítulo original: _tNo one loved gorillas more |
||
| 600 | 1 | 4 |
_aFOSSEY, DIAN, _d1932-1985 _923112 |
| 650 | 4 |
_aGORILAS _916756 |
|
| 650 | 4 |
_aZOOLOGOS - _vBIOGRAFIA _916984 |
|
| 905 | _aLibro | ||
| 999 |
_c169908 _d169908 |
||